Guerre de Vendée et Chouannerie - Statistiques

Statistiques générales
  • Ce quiz a été pris 93 fois
  • Le résultat moyen est 5 sur 10
Statistiques - réponses
Hint Réponse % Correct
Du nom d'une ville, massacre de milliers de contre-révolutionnaires noyés dans la Loire Nantes
86%
Parc créé par Philippe de Villiers mettant en scène des épisodes du conflit, critiqué pour sa subjectivité et la récupération politique faite des évènements Puy du Fou
72%
D'une couleur, surnom donné aux contre-révolutionnaires royalistes les Blancs
71%
Terme employé pour qualifier les massacres des guerres vendéennes faisant l'objet d'un débat historiographique génocide
62%
Du nom d'une presqu'ïle bretonne, nom du débarquement d'émigrés anglais en 1795 Quiberon
54%
Nom des expéditions de la répression sanglante menée par le général républicain Turreau Colonnes infernales
52%
Expédition qui mène les royalistes jusqu'à Granville suite à leur déroute à Cholet Virée de Galerne
31%
Homme politique alors missionné dans cette ville dont le nom est associé à ce massacre Jean-Baptiste Carrier
26%
Chef vendéen désigné "généralissime" par ses pairs après la bataille de Cholet Henri de La Rochejaquelin
9%
Organisation précurseur de la Chouannerie fondée en juin 1791 Association Bretonne
5%
Aucun quiz correspondant
Distribution des résultats
% des personnes avec chaque résultat
Percentile par nombre de réponses
Votre historique - résultats
Vous n’avez pas pris ce quiz